Responses for Show #4242 - Tuesday, January 28, 2003

Jackie Harrison game 1.

(Jimmy: I'm scrimmaging with the Pittsburgh Steelers.)
(Charlie Batch: Hey Mark, let's go a little easy on Jimmy!)
(Mark Bruener: You know he's a little man; why don't we play two-handed touch?)
(Jimmy: Football clues coming up next on Jeopardy!)

Contestants

[<< previous game]

Jackie Harrison, a surgeon from Chicago, Illinois

Evan Stoner, a web developer from Seattle, Washington

Gabrielle DeBarros, a writer and stay-at-home mom from Burbank, California (whose 2-day cash winnings total $24,000)

[next game >>]

Jeopardy! Round responses

BRAZILIAN HISTORY
ITALIAN GEOGRAPHY
MEXICAN COOKING
EGYPTIAN WILDLIFE
INDIAN CINEMA
ENGLISH "T"
    $200 26
coffee

Evan
    $200 8
Po

Jackie
    $200 13
chilies

Gabrielle
    $200 16
jackal

Triple Stumper
    $200 6
Ganges

Gabrielle
    $200 1
the Tube

Evan
    $400 27
slavery

Jackie
    $400 9
Adriatic

Evan
    $400 14
flan

Jackie
    $400 17
storks

Gabrielle
    $400 7
Bombay (now Mumbai)

Jackie
    $400 2
Teletubbies

Gabrielle
    $600 28
samba

Gabrielle
    $600 10
Mont Blanc

Triple Stumper
    $600 15
tamales

Evan
    $600 18
(Evan: What is the oryx?)

ibex

EvanJackie
    $600 21
song

Gabrielle
    $600 3
Trafalgar Square

Gabrielle
    $800 29
(Gabrielle: What is Rio de Janeiro?)
...
[The end-of-round signal sounds.]

Sao Paulo

GabrielleJackie
    $800 11
(Jackie: What is... [time expiry signal] [*]?)
...
(Alex: You ran out of time, Jackie.)

Sicily

EvanJackie
    $800 24
pig

Evan
    $800 19
fox

Gabrielle
    $800 22
Ismail Merchant

Gabrielle
    $500 4
the Thames River

Gabrielle
    $1000 12
Sardinia

Evan
    $1000 25
pico de gallo

Gabrielle
    $1000 20
ospreys

Triple Stumper
    $1000 23
(Alex: With a minute to go.)

Monsoon Wedding

Gabrielle
    $1000 5
Sir Henry Tate

Triple Stumper

Scores at the first commercial break (after clue 15):

Gabrielle Evan Jackie
$1,900 $3,000 $200

Scores at the end of the Jeopardy! Round:

Gabrielle Evan Jackie
$6,300 $3,400 $2,000

Double Jeopardy! Round responses

AUTHORS
FOOTBALL
PIANO PIECES
FISHY WORDS
NOBEL PRIZE WINNERS
BEFORE & AFTER
    $400 1
William Faulkner

Jackie
    $400 26
a stiff arm

Evan
    $400 21
rag

Gabrielle
    $400 6
skate

Triple Stumper
    $400 16
China

Gabrielle
    $400 11
Stuart Little House on the Prairie

Gabrielle
    $800 2
Henry Fielding

Jackie
    $800 27
shotgun

Triple Stumper
    $800 22
hands

Gabrielle
    $800 7
perch

Gabrielle
    $800 17
Milton Friedman

Triple Stumper
    $800 12
Steve Austin Powers

Jackie
    $1200 3
C.S. Lewis

Evan
    $1200 28
drop kick

Gabrielle
    $1200 23
(Alex: A very slow, but beautiful [*]!)

waltz

Jackie
    $1200 8
Bass

Gabrielle
    $1200 18
vitamin K

Jackie
    $1200 13
The Good, the Bad and the Ugly Duckling

Jackie
    $1600 4
Isabel Allende

Evan
    $1600 29
linebackers

Triple Stumper
    $2,000 24
(Alex: Less than a minute to go now, Jackie.)

Frederic Chopin

Jackie
    $1600 9
shark

Evan
    $1600 19
carbon-14/radiocarbon

Gabrielle
    $1600 14
Rick James Fenimore Cooper

Jackie
    $2000 5
John Steinbeck

Triple Stumper
    $2000 30
flea flicker

Triple Stumper
    $2000 25
(Gabrielle: What is a fantasia?)

fantasy

GabrielleJackie
    $2000 10
pike

Evan
    $700 20
Andrei Sakharov

Gabrielle
    $2000 15
I see dead People are Strange

Evan

Scores at the end of the Double Jeopardy! Round:

Gabrielle Evan Jackie
$11,800 $12,200 $13,200

[wagering suggestions for these scores]

Final Jeopardy! Round responses

AMERICANA
GabrielleWhat is the Statue of Liberty?
$11,800
EvanWhat is the Statue of Liberty?
$12,100
JackieWhat is the Statue of Liberty
$11,201
Statue of Liberty

Final scores:

Gabrielle Evan Jackie
$23,600 $24,300 $24,401
3rd place: $1,000 2nd place: $2,000 New champion: $24,401

Game dynamics:

Coryat scores:

Gabrielle Evan Jackie
$13,400 $12,200 $12,800
21 R
(including 2 DDs),
2 W
13 R,
1 W
15 R
(including 1 DD),
1 W

Combined Coryat: $38,400

[game clues] [game scores] [suggest correction]

Game tape date: 2002-10-29
The J! Archive is created by fans, for fans. Scraping, republication, monetization, and malicious use prohibited; this site may use cookies and collect identifying information. See terms. The Jeopardy! game show and all elements thereof, including but not limited to copyright and trademark thereto, are the property of Jeopardy Productions, Inc. and are protected under law. This website is not affiliated with, sponsored by, or operated by Jeopardy Productions, Inc. Join the discussion at JBoard.tv.